| 000 | 00863nam a2200241Ia 4500 | ||
|---|---|---|---|
| 003 | OSt | ||
| 005 | 20220923220013.0 | ||
| 006 | a|||||r|||| 00| 0 | ||
| 007 | ta | ||
| 008 | 220922b |||||||| |||| 00| 0 hin d | ||
| 024 | _a183,476 | ||
| 037 | _cTextual | ||
| 040 |
_aARTS _cARTS _bhin |
||
| 041 |
_2hin _ahin |
||
| 082 | _aO152,1N7:g, N3 | ||
| 100 | _aदीक्षित, छोटेलाल | ||
| 245 | 0 | _aआधुनिक काव्य में फन्तासी की प्रांसगिता | |
| 246 | _aĀdhunik kāvya mean fantāsī kī prāansagitā | ||
| 260 |
_aवाराण्सी _b विश्वविद्यालय प्रकाशन _c1993 |
||
| 300 |
_a62 पृ. _ccm. |
||
| 942 |
_hO152,1N7:g, N3 _cTEXL _2CC |
||
| 999 |
_c336812 _d336812 |
||